Jacques Grevin, 1538-1570 : etude biographique et litteraire.

Saved in:
Bibliographic Details
Main Author: Pinvert, Lucien
Format: Book
Language:French
Published: Paris : Thorin, 1899.
Subjects:
LEADER 00698nam a22001931 4500
001 c000206833
003 CARM
005 20021125002100.0
008 851113s1899 fr 0 fre d
019 1 |a 4157432  |5 LACONCORD2021 
035 |a (OCoLC)14803951  |5 LACONCORD2021 
100 1 |a Pinvert, Lucien. 
245 1 0 |a Jacques Grevin, 1538-1570 :  |b etude biographique et litteraire. 
260 |a Paris :  |b Thorin,  |c 1899. 
600 1 0 |a Greven, Jacques. 
852 8 |b CARM  |h A2:AL36G0  |i C08233  |p 0297205  |f BK 
082 0 4 |a 842.3 
999 f f |i 44fd5e40-eb62-5724-aa7f-de684d46b1d3  |s a13a0c92-af54-526d-980f-3cebf0bb27e7 
952 f f |p Can circulate  |a CAVAL  |b CAVAL  |c CAVAL  |d CARM 1 Store  |e C08233  |f A2:AL36G0  |h Other scheme  |i book  |m 0297205